000 00275nam a22001097a 4500
999 _c68392
_d68389
082 _aم غ ل
100 _aمغل، محمود
245 _aمحبتن بہ ناولیٹ
260 _aکراچی
_bکاچو بپلیکیشن
_c۲۰۱۵
300 _a۵۶۶
_b۱۵۷
942 _cBK